Online Catalogue and eLibrary

Development NGOs of Sri lanka : (Record no. 3260)

MARC details
000 -LEADER
fixed length control field 00229nam a2200097Ia 4500
008 - FIXED-LENGTH DATA ELEMENTS--GENERAL INFORMATION
fixed length control field 240331s9999 xx 000 0 und d
082 ## - DDC Classification
Item Number - Author Mark DEV
100 ## - MAIN ENTRY--PERSONAL NAME
Personal name IRED. ed
245 #0 - TITLE STATEMENT
Title Development NGOs of Sri lanka :
Remainder of title directory
942 ## - Koha item type (Biblio)
Koha item type Books in Stacks (Lending)
Holdings
Lost status Damaged status Collection code Home library Current library Shelving location Date acquired Full call number Accession Number Item type
    Lending WERC Library WERC Library Social Science Cupboard 03/31/2024 068 DEV 370 Books in Stacks (Lending)

© WERC Library